[Event "Laval op"]
[Site "Laval"]
[Date "2022.06.24"]
[Round "1"]
[White "Guipi Bopala, Prince Eric Jr"]
[Black "Gutierrez, Renzo"]
[Result "0-1"]
[WhiteElo "1668"]
[BlackElo "2227"]
[PlyCount "82"]
[EventDate "2022.06.24"]
[EventType "swiss"]
[EventRounds "5"]
[EventCountry "CAN"]
[SourceTitle "EXT 2023"]
[Source "ChessBase"]
[SourceDate "2022.10.05"]
[SourceVersion "1"]
[SourceVersionDate "2022.10.05"]
[SourceQuality "1"]

1. d4 d5 2. c4 e6 3. Nf3 c6 4. g3 dxc4 5. Bg2 b5 6. a4 Bb7 7. axb5 cxb5 8. 0-0 a6 9. b3 cxb3 10. Qxb3 Nf6 11. Nc3 Nbd7 12. Bf4 Be7 13. Rfe1 0-0 14. Rad1 b4 15. Na4 Bd5 16. Qb2 Qa5 17. Ra1 Qb5 18. Nd2 Bxg2 19. Kxg2 Nd5 20. e4 Nxf4+ 21. gxf4 Rfc8 22. Nb3 Qh5 23. Qe2 Qh6 24. Qf3 Rab8 25. Rec1 Rxc1 26. Rxc1 Nf8 27. Nac5 Ng6 28. Kh1 Bd6 29. e5 Bxc5 30. dxc5 Qxf4 31. Qxf4 Nxf4 32. c6 Rc8 33. Nd4 Nd3 34. Ra1 Nxf2+ 35. Kg2 Nd3 36. Rxa6 g5 37. Nb5 b3 38. Nd6 b2 39. Rb6 Rxc6 40. Rb3 Rc2+ 41. Kg3 Nxe5 0-1

[Event "American Continental 16th"]
[Site "San Salvador"]
[Date "2022.05.05"]
[Round "5"]
[White "Gutierrez, Renzo"]
[Black "Montero Martinez, Cristian"]
[Result "0-1"]
[WhiteElo "2286"]
[BlackElo "1946"]
[PlyCount "98"]
[EventDate "2022.05.02"]
[EventType "swiss"]
[EventRounds "11"]
[EventCountry "ESA"]
[SourceTitle "CBM 208 Extra"]
[Source "ChessBase"]
[SourceDate "2022.07.31"]
[SourceVersion "1"]
[SourceVersionDate "2022.07.31"]
[SourceQuality "1"]

1. e4 d6 2. d4 Nf6 3. f3 e5 4. Ne2 exd4 5. Nxd4 Be7 6. c4 0-0 7. Nc3 c6 8. Be2 Re8 9. 0-0 d5 10. cxd5 Bc5 11. Kh1 cxd5 12. Nb3 Bb4 13. Nxd5 Nxd5 14. exd5 Bd6 15. f4 Nd7 16. Bd2 Qf6 17. Bc3 Qh6 18. g3 Nf6 19. Bxf6 Qxf6 20. Qd2 a5 21. Bf3 Bh3 22. Rf2 a4 23. Na5 Bc5 24. Re2 Rxe2 25. Bxe2 a3 26. Nxb7 axb2 27. Re1 Bf2 28. Rb1 Bd4 29. Nd6 Bf5 30. Nxf5 Qxf5 31. Qd3 Qxd3 32. Bxd3 Rxa2 33. Kg2 Ra3 34. Bc4 Kf8 35. d6 Ra1 36. Bd3 Ke8 37. Kf3 Kd7 38. Ke4 Bf6 39. Kd5 Ra5+ 40. Kc4 Kxd6 41. Rd1 Rd5 42. Kb3 b1Q+ 43. Rxb1 Rxd3+ 44. Kc2 Rf3 45. Rb7 Ke6 46. Rb6+ Kf5 47. Kd2 Rf2+ 48. Ke3 Rxh2 49. Kf3 Rd2 0-1

[Event "American Continental 16th"]
[Site "San Salvador"]
[Date "2022.05.04"]
[Round "4"]
[White "Salinas Herrera, Pablo Patricio"]
[Black "Gutierrez, Renzo"]
[Result "1-0"]
[WhiteElo "2534"]
[BlackElo "2286"]
[PlyCount "211"]
[EventDate "2022.05.02"]
[EventType "swiss"]
[EventRounds "11"]
[EventCountry "ESA"]
[SourceTitle "CBM 208 Extra"]
[Source "ChessBase"]
[SourceDate "2022.07.31"]
[SourceVersion "1"]
[SourceVersionDate "2022.07.31"]
[SourceQuality "1"]

1. e4 e5 2. Nf3 Nc6 3. Bb5 a6 4. Ba4 d6 5. Nc3 Bd7 6. Bxc6 Bxc6 7. d4 exd4 8. Nxd4 Be7 9. Nxc6 bxc6 10. Qf3 Bg5 11. e5 d5 12. e6 Nh6 13. Qg3 Bf6 14. Bxh6 gxh6 15. exf7+ Kxf7 16. 0-0 Re8 17. Rad1 Qd6 18. Qh3 Bg7 19. Ne2 Qe6 20. Qf3+ Qf6 21. Nf4 Kg8 22. b3 Re4 23. g3 Qc3 24. Qxc3 Bxc3 25. Rd3 Be5 26. f3 Rd4 27. Re1 Rxd3 28. Nxd3 Bd4+ 29. Kg2 Kf7 30. f4 a5 31. Kf3 a4 32. Re2 c5 33. f5 axb3 34. axb3 Ra1 35. Nf4 c6 36. Re6 Rc1 37. Re2 Bf6 38. Nd3 Rf1+ 39. Rf2 Rxf2+ 40. Nxf2 Bd4 41. Nd3 Kf6 42. Kf4 h5 43. h3 c4 44. bxc4 dxc4 45. Nb4 Be5+ 46. Ke4 Bxg3 47. Nxc6 Bd6 48. Na5 c3 49. Nc4 Bc5 50. Ne5 Ba7 51. Nd3 Bb8 52. Nc5 Kg5 53. Nd7 Bc7 54. Nf8 Kh4 55. Nxh7 Kxh3 56. Kf3 Kh2 57. f6 Bd6 58. f7 h4 59. Ng5 Be7 60. Ne4 Kg1 61. Kg4 Kg2 62. Nxc3 h3 63. Nd5 h2 64. Nxe7 h1Q 65. f8Q Qd1+ 66. Kg5 Qxc2 67. Qa8+ Kf2 68. Qa7+ Kf3 69. Qa3+ Ke4 70. Qa8+ Kd3 71. Nf5 Qc1+ 72. Kf6 Qf4 73. Qa3+ Kc2 74. Qa2+ Kc3 75. Qb1 Qf3 76. Qb5 Qf4 77. Qe2 Kb3 78. Qd3+ Kb4 79. Qb1+ Kc3 80. Qe1+ Kd3 81. Qd1+ Kc3 82. Qd5 Kb4 83. Qc6 Qf2 84. Qe4+ Kc3 85. Ke6 Qa2+ 86. Ke5 Qa5+ 87. Kf6 Qb6+ 88. Kf7 Qc7+ 89. Ne7 Qc4+ 90. Nd5+ Kb3 91. Qe3+ Kc2 92. Qe6 Kd3 93. Qe3+ Kc2 94. Qe5 Kd3 95. Qd6 Kd4 96. Ke6 Qe2+ 97. Kf6 Qf3+ 98. Nf4+ Ke3 99. Kf5 Qe4+ 100. Kg5 Qd4 101. Qa3+ Kd2 102. Qa2+ Kd1 103. Qe2+ Kc1 104. Nd3+ Kb1 105. Qd1+ Ka2 106. Nc1+ 1-0

[Event "World Amateur-ch U2300"]
[Site "Spoleto"]
[Date "2017.04.08"]
[Round "9"]
[White "Gutierrez, Renzo"]
[Black "Marmili, Giulio"]
[Result "0-1"]
[WhiteElo "2282"]
[BlackElo "2190"]
[PlyCount "78"]
[EventDate "2017.04.01"]
[EventType "swiss"]
[EventRounds "9"]
[EventCountry "ITA"]
[SourceTitle "CBM 177 Extra"]
[Source "ChessBase"]
[SourceDate "2017.04.27"]
[SourceVersion "1"]
[SourceVersionDate "2017.04.27"]
[SourceQuality "1"]

1. d4 d5 2. Bf4 c5 3. c3 Qb6 4. Qc1 cxd4 5. cxd4 Nc6 6. Nc3 Nf6 7. e3 Bf5 8. Bb5 e6 9. Nge2 Rc8 10. 0-0 Be7 11. f3 0-0 12. Qd2 a6 13. Bd3 Bxd3 14. Qxd3 Nh5 15. Bg3 Nxg3 16. hxg3 Qxb2 17. Rab1 Nb4 18. Rxb2 Nxd3 19. Rxb7 Bb4 20. Rd1 Bxc3 21. Rxd3 Ba5 22. Ra3 Rc2 23. Kf2 Bc7 24. Rxa6 Bxg3+ 25. Kxg3 Rxe2 26. Rb3 Rc8 27. Rc6 Ra8 28. Ra6 Rc8 29. Rc6 Ra8 30. Ra3 Rb8 31. Rb6 Rc8 32. Rc6 Rb8 33. Rc7 h5 34. Raa7 Rbb2 35. Rxf7 Rxa2 36. Kf4 h4 37. Rfc7 h3 38. Rc8+ Kh7 39. Rc1 h2 0-1

[Event "PER-ch"]
[Site "Lima"]
[Date "2016.02.14"]
[Round "9"]
[White "Gutierrez, Renzo"]
[Black "Alarco, Alvaro"]
[Result "0-1"]
[WhiteElo "2247"]
[BlackElo "2108"]
[PlyCount "74"]
[EventDate "2016.02.10"]
[EventType "swiss"]
[EventRounds "9"]
[EventCountry "PER"]
[SourceTitle "CBM 171 Extra"]
[Source "ChessBase"]
[SourceDate "2016.04.26"]
[SourceVersion "1"]
[SourceVersionDate "2016.04.26"]
[SourceQuality "1"]

1. d4 f5 2. g3 Nf6 3. Bg2 g6 4. c4 Bg7 5. h4 d6 6. d5 e5 7. dxe6 Nc6 8. Nh3 Bxe6 9. Qa4 0-0 10. Nf4 Bf7 11. Nc3 Re8 12. 0-0 Qd7 13. b3 Ne4 14. Nxe4 Bxa1 15. Ng5 Bf6 16. Rd1 Rad8 17. Qb5 Nd4 18. Qxb7 Nxe2+ 19. Nxe2 Rxe2 20. Qxa7 Rde8 21. Bd2 Qe7 22. Bf1 Re5 23. Ba5 Bxg5 24. hxg5 Qxg5 25. Qxc7 f4 26. Bc3 fxg3 27. Bxe5 gxf2+ 28. Kxf2 Rxe5 29. Qc8+ Kg7 30. Qh3 Rf5+ 31. Ke1 Be6 32. Be2 Re5 33. Qh2 Bg4 34. Rd2 Bxe2 35. Rd5 Qc1+ 36. Kf2 Qf1+ 37. Kg3 Qf3+ 0-1

[Event "Bogota Millonario op"]
[Site "Bogota"]
[Date "2015.12.21"]
[Round "6"]
[White "Almeida Quintana, Omar"]
[Black "Gutierrez, Renzo"]
[Result "1-0"]
[WhiteElo "2527"]
[BlackElo "2212"]
[PlyCount "111"]
[EventDate "2015.12.18"]
[EventType "swiss"]
[EventRounds "9"]
[EventCountry "COL"]
[SourceTitle "EXT 2017"]
[Source "ChessBase"]
[SourceDate "2016.10.25"]
[SourceVersion "1"]
[SourceVersionDate "2016.10.25"]
[SourceQuality "1"]

1. d4 d5 2. Nf3 Nf6 3. c4 dxc4 4. e3 e6 5. Bxc4 a6 6. 0-0 c5 7. Bb3 Nc6 8. Nc3 Be7 9. Qe2 cxd4 10. Rd1 e5 11. exd4 exd4 12. Nxd4 Nxd4 13. Qe5 Qd6 14. Qxd6 Bxd6 15. Rxd4 Be5 16. Rb4 Bd6 17. Rh4 0-0 18. Bg5 Ng4 19. Ne4 Bb8 20. Rc1 Ne5 21. Nc5 Ng6 22. Rd4 Be5 23. Rd2 h6 24. Be3 Rb8 25. g3 b6 26. Na4 b5 27. Nb6 Bh3 28. f4 Bf6 29. Nd7 Bxd7 30. Rxd7 a5 31. Rcc7 Nh8 32. Bd4 a4 33. Bc2 Bxd4+ 34. Rxd4 Rb6 35. Bd3 b4 36. Bc4 a3 37. b3 Re8 38. Kf2 Rf6 39. Bd3 Rb8 40. Rxb4 Rd8 41. Rd4 Rf8 42. Ra7 g5 43. Rxa3 gxf4 44. gxf4 Ng6 45. Bxg6 fxg6 46. Raa4 g5 47. Kg3 Re8 48. fxg5 Re3+ 49. Kg4 hxg5 50. Kxg5 Rf7 51. Ra8+ Kg7 52. Rad8 Re2 53. Rd2 Re6 54. R8d7 Re5+ 55. Kg4 Re4+ 56. Kg3 1-0

[Event "CFriend AT-2005-0-00209 email"]
[Site "Chessfriend.com"]
[Date "2005.06.20"]
[Round "1"]
[White "Gutierrez, Renzo"]
[Black "Mezera, Lukas"]
[Result "1-0"]
[WhiteElo "2271"]
[BlackElo "2301"]
[PlyCount "77"]
[EventDate "2005.??.??"]
[EventType "tourn (corr)"]
[EventRounds "2"]
[SourceTitle "Corr 2024"]
[Source "ChessBase"]
[SourceDate "2023.10.19"]
[SourceVersion "1"]
[SourceVersionDate "2023.10.19"]
[SourceQuality "1"]

1. e4 c5 2. Nf3 d6 3. d4 cxd4 4. Nxd4 Nf6 5. Nc3 g6 6. Be3 Bg7 7. f3 0-0 8. Qd2 Nc6 9. Bc4 Bd7 10. 0-0-0 Rc8 11. Bb3 Ne5 12. Kb1 Nc4 13. Bxc4 Rxc4 14. g4 a6 15. h4 h5 16. gxh5 Nxh5 17. Nde2 b5 18. Bh6 Bc6 19. b3 Rc5 20. Be3 Re5 21. Bd4 b4 22. Bxe5 Bxe5 23. Nd5 a5 24. Ndf4 Nxf4 25. Nxf4 e6 26. Ne2 Qf6 27. h5 Qxf3 28. hxg6 Bxe4 29. Rdf1 Qxh1 30. Rxh1 Bxh1 31. Qh6 fxg6 32. Qxg6+ Kh8 33. Qh6+ Kg8 34. Qxh1 Kf7 35. a3 bxa3 36. Ka2 Rh8 37. Qe4 Rh5 38. c4 Ke7 39. Kxa3 1-0

[Event "CFriend AC-2003-S-00009 email"]
[Site "Chessfriend.com"]
[Date "2004.12.01"]
[Round "1"]
[White "Grkinic, Goran"]
[Black "Gutierrez, Renzo"]
[Result "1/2-1/2"]
[WhiteElo "2125"]
[BlackElo "2271"]
[PlyCount "47"]
[EventDate "2004.??.??"]
[EventType "tourn (corr)"]
[EventRounds "6"]
[SourceTitle "Corr 2024"]
[Source "ChessBase"]
[SourceDate "2023.10.19"]
[SourceVersion "1"]
[SourceVersionDate "2023.10.19"]
[SourceQuality "1"]

1. d4 Nf6 2. c4 e6 3. Nf3 d5 4. Nc3 Be7 5. Bg5 h6 6. Bh4 0-0 7. e3 Ne4 8. Bxe7 Qxe7 9. Qc2 Nxc3 10. Qxc3 dxc4 11. Bxc4 b6 12. 0-0 Bb7 13. Ne5 c5 14. dxc5 Qxc5 15. f4 b5 16. Be2 Qxc3 17. bxc3 a6 18. a4 Rc8 19. axb5 axb5 20. Rxa8 Bxa8 21. Bxb5 Rxc3 22. Rd1 Rc8 23. h4 Nc6 24. Bxc6 1/2-1/2

[Event "CFriend AC-2003-S-00009 email"]
[Site "Chessfriend.com"]
[Date "2004.12.01"]
[Round "1"]
[White "Gutierrez, Renzo"]
[Black "Boschek, Hajo"]
[Result "1-0"]
[WhiteElo "2271"]
[BlackElo "2157"]
[PlyCount "43"]
[EventDate "2004.??.??"]
[EventType "tourn (corr)"]
[EventRounds "6"]
[SourceTitle "Corr 2024"]
[Source "ChessBase"]
[SourceDate "2023.10.19"]
[SourceVersion "1"]
[SourceVersionDate "2023.10.19"]
[SourceQuality "1"]

1. e4 e5 2. Nf3 Nc6 3. Nc3 Nf6 4. Bb5 Bd6 5. d3 a6 6. Ba4 h6 7. h3 b5 8. Bb3 Bb7 9. 0-0 0-0 10. Be3 Re8 11. a3 Bf8 12. Ba2 d6 13. Nd5 Nxd5 14. Bxd5 Be7 15. Nd2 Qd7 16. f4 exf4 17. Rxf4 Nd8 18. Bxb7 Nxb7 19. Rf5 Qe6 20. Qg4 g6 21. Raf1 Bf8 22. Qg3 1-0

[Event "CFriend AC-2003-S-00009 email"]
[Site "Chessfriend.com"]
[Date "2004.12.01"]
[Round "1"]
[White "Gutierrez, Renzo"]
[Black "Frignani, Giorgio"]
[Result "1-0"]
[WhiteElo "2271"]
[BlackElo "1889"]
[PlyCount "47"]
[EventDate "2004.??.??"]
[EventType "tourn (corr)"]
[EventRounds "6"]
[SourceTitle "Corr 2024"]
[Source "ChessBase"]
[SourceDate "2023.10.19"]
[SourceVersion "1"]
[SourceVersionDate "2023.10.19"]
[SourceQuality "1"]

1. e4 c5 2. Nf3 e6 3. d4 cxd4 4. Nxd4 Nc6 5. Nc3 Qc7 6. Be2 a6 7. 0-0 Nf6 8. Be3 Bb4 9. Na4 0-0 10. Nxc6 bxc6 11. c4 h6 12. c5 Ba5 13. f4 Rb8 14. a3 Qd8 15. Qd3 Bc7 16. Bd4 Qe7 17. Be5 Ne8 18. Rad1 Bxe5 19. fxe5 Qg5 20. Qd4 Nc7 21. Nb6 Nb5 22. Bxb5 cxb5 23. Rd3 a5 24. Rg3 1-0

[Event "CFriend AC-2003-S-00009 email"]
[Site "Chessfriend.com"]
[Date "2004.12.01"]
[Round "1"]
[White "Gutierrez, Renzo"]
[Black "Mezera, Lukas"]
[Result "1/2-1/2"]
[WhiteElo "2271"]
[BlackElo "2301"]
[PlyCount "56"]
[EventDate "2004.??.??"]
[EventType "tourn (corr)"]
[EventRounds "6"]
[SourceTitle "Corr 2024"]
[Source "ChessBase"]
[SourceDate "2023.10.19"]
[SourceVersion "1"]
[SourceVersionDate "2023.10.19"]
[SourceQuality "1"]

1. e4 e5 2. Nf3 Nf6 3. Nxe5 d6 4. Nf3 Nxe4 5. d4 d5 6. Bd3 Nc6 7. 0-0 Be7 8. Re1 Bg4 9. c3 f5 10. Qb3 0-0 11. Nbd2 Na5 12. Qa4 Nc6 13. Qb3 Na5 14. Qa4 Nc6 15. Bb5 Bh4 16. g3 Bf6 17. Bxc6 bxc6 18. Qxc6 Re8 19. Ne5 Bxe5 20. dxe5 Ng5 21. f4 Nh3+ 22. Kg2 Rb8 23. c4 dxc4 24. Nxc4 Qd3 25. Ne3 Rxb2+ 26. Bxb2 Qd2+ 27. Kh1 Nf2+ 28. Kg1 Nh3+ 1/2-1/2

[Event "WUCC op 8th"]
[Site "Istanbul"]
[Date "2004.09.10"]
[Round "7"]
[White "Gutierrez, Renzo"]
[Black "Arutinian, David"]
[Result "1/2-1/2"]
[WhiteElo "2289"]
[BlackElo "2433"]
[PlyCount "111"]
[EventDate "2004.09.05"]
[EventType "swiss"]
[EventRounds "9"]
[EventCountry "TUR"]
[SourceTitle "CBM 102 Extra"]
[Source "ChessBase"]
[SourceDate "2004.11.03"]
[SourceVersion "1"]
[SourceVersionDate "2004.11.03"]
[SourceQuality "1"]

1. e4 c5 2. Nf3 Nc6 3. d4 cxd4 4. Nxd4 Nf6 5. Nc3 d6 6. Bc4 e6 7. Be3 a6 8. Bb3 Qc7 9. Qe2 Na5 10. 0-0-0 b5 11. f3 Be7 12. g4 Nxb3+ 13. Nxb3 b4 14. Na4 Nd7 15. Nd2 a5 16. Qf2 0-0 17. Nb6 Nxb6 18. Bxb6 Qc6 19. Kb1 e5 20. Rc1 Be6 21. c4 bxc3 22. Rxc3 Qb5 23. Bc7 d5 24. Qb6 Qe2 25. exd5 Bxd5 26. Qe3 Qb5 27. Ne4 Qa4 28. a3 f5 29. gxf5 Rxf5 30. Rg1 Qd4 31. Ng3 Rxf3 32. Qxe5 Bf6 33. Qxd4 Bxd4 34. Rxf3 Bxf3 35. Rf1 Bc6 36. Rd1 Bf6 37. Rd6 Be8 38. Rb6 Ra7 39. Rb8 Rxc7 40. Rxe8+ Kf7 41. Re4 Rb7 42. Re2 Rb5 43. Ne4 Be7 44. Ka2 g5 45. Nc3 Rf5 46. Rd2 g4 47. Kb3 Bf6 48. Ne4 Rf3+ 49. Ka4 Rf4 50. Re2 Bxb2 51. Rxb2 Rxe4+ 52. Kxa5 h5 53. Kb5 Re8 54. Rf2+ Kg6 55. a4 h4 56. a5 1/2-1/2

[Event "WUCC op 8th"]
[Site "Istanbul"]
[Date "2004.09.10"]
[Round "8"]
[White "Roos, Michael"]
[Black "Gutierrez, Renzo"]
[Result "1-0"]
[WhiteElo "2384"]
[BlackElo "2289"]
[PlyCount "83"]
[EventDate "2004.09.05"]
[EventType "swiss"]
[EventRounds "9"]
[EventCountry "TUR"]
[SourceTitle "CBM 102 Extra"]
[Source "ChessBase"]
[SourceDate "2004.11.03"]
[SourceVersion "1"]
[SourceVersionDate "2004.11.03"]
[SourceQuality "1"]

1. e4 c5 2. d3 Nc6 3. g3 g6 4. Bg2 Bg7 5. f4 e6 6. Nf3 d5 7. e5 h5 8. 0-0 Nge7 9. Be3 b6 10. Bf2 Bb7 11. c4 0-0 12. Nc3 dxc4 13. dxc4 Qxd1 14. Raxd1 Rad8 15. Ng5 Rxd1 16. Rxd1 Rd8 17. Rxd8+ Nxd8 18. Nge4 Nc8 19. Nb5 Bf8 20. Be1 Bxe4 21. Bxe4 a6 22. Nc7 a5 23. Kf2 Be7 24. Ke3 Na7 25. Na8 Nc8 26. Kd3 Kf8 27. Kc2 a4 28. Nc7 Na7 29. Nb5 Ndc6 30. Nc3 a3 31. bxa3 Kg7 32. Na4 Bd8 33. Bc3 Ne7 34. Kd3 Kf8 35. Bb2 Nec6 36. Bg2 Bc7 37. Bc1 Ke7 38. Nc3 Kd7 39. Ne4 Na5 40. Bf3 N7c6 41. Be2 Ke7 42. Bf1 1-0

[Event "CFriend AR-2003-F-00003 email"]
[Site "Chessfriend.com"]
[Date "2004.05.07"]
[Round "1"]
[White "Innocenti, Katia"]
[Black "Gutierrez, Renzo"]
[Result "1/2-1/2"]
[WhiteElo "2178"]
[BlackElo "2292"]
[PlyCount "65"]
[EventDate "2004.??.??"]
[EventType "tourn (corr)"]
[EventRounds "12"]
[SourceTitle "Corr 2008"]
[Source "ChessBase"]
[SourceDate "2008.06.24"]
[SourceVersion "1"]
[SourceVersionDate "2008.06.24"]
[SourceQuality "1"]

1. Nf3 d5 2. d4 Nf6 3. c4 e6 4. Nc3 Be7 5. Bg5 h6 6. Bh4 0-0 7. e3 Ne4 8. Bxe7 Qxe7 9. Rc1 c6 10. Bd3 Nxc3 11. Rxc3 dxc4 12. Bxc4 Nd7 13. 0-0 e5 14. Bb3 Rd8 15. Re1 exd4 16. exd4 Qd6 17. Rce3 Nf8 18. Re8 Bg4 19. R8e4 Be6 20. Ne5 Bd5 21. Qf3 Qc7 22. Qc3 Bxb3 23. Qxb3 Rd5 24. Qb4 Rad8 25. a3 R8d6 26. Rf4 f6 27. Nf3 f5 28. Ne5 Ne6 29. Rxf5 a5 30. Qc4 b5 31. Qe2 Nxd4 32. Rf8+ Kxf8 33. Ng6+ 1/2-1/2

[Event "CFriend AR-2003-Q-00008 email"]
[Site "Chessfriend.com"]
[Date "2003.12.03"]
[Round "1"]
[White "Gutierrez, Renzo"]
[Black "Alvarez, Roberto Gabriel"]
[Result "1/2-1/2"]
[WhiteElo "2292"]
[BlackElo "2527"]
[PlyCount "65"]
[EventDate "2003.??.??"]
[EventType "tourn (corr)"]
[EventRounds "12"]
[SourceTitle "Corr 2008"]
[Source "ChessBase"]
[SourceDate "2008.06.24"]
[SourceVersion "1"]
[SourceVersionDate "2008.06.24"]
[SourceQuality "1"]

1. e4 Nf6 2. e5 Nd5 3. d4 d6 4. Nf3 dxe5 5. Nxe5 c6 6. c4 Nb4 7. Be3 Bf5 8. Na3 Nd7 9. g4 Be4 10. f3 Bg6 11. Nxg6 hxg6 12. Nc2 e6 13. a3 Qh4+ 14. Kd2 Na6 15. Qe1 Qf6 16. h4 Qxf3 17. Be2 Qg2 18. Qg1 Qxg1 19. Raxg1 0-0-0 20. h5 gxh5 21. Rxh5 Rxh5 22. gxh5 Nf6 23. Ke1 Rd7 24. b4 Nc7 25. Bf4 Nce8 26. Be5 Rd8 27. Rf1 Kd7 28. Na1 b6 29. Nc2 Ke7 30. Bf3 Rc8 31. Ne3 Nd7 32. Bf4 Nd6 33. a4 1/2-1/2

[Event "CFriend AR-2003-Q-00008 email"]
[Site "Chessfriend.com"]
[Date "2003.12.03"]
[Round "1"]
[White "Gutierrez, Renzo"]
[Black "Asauskas, Mindaugas"]
[Result "1-0"]
[WhiteElo "2292"]
[BlackElo "1837"]
[PlyCount "37"]
[EventDate "2003.??.??"]
[EventType "tourn (corr)"]
[EventRounds "12"]
[SourceTitle "Corr 2008"]
[Source "ChessBase"]
[SourceDate "2008.06.24"]
[SourceVersion "1"]
[SourceVersionDate "2008.06.24"]
[SourceQuality "1"]

1. e4 e6 2. d4 d5 3. e5 c5 4. Nc3 Nc6 5. Nf3 cxd4 6. Nb5 Bb4+ 7. c3 dxc3 8. bxc3 Bc5 9. Bd3 Nge7 10. 0-0 h6 11. Be3 b6 12. Bxc5 bxc5 13. Nd6+ Kf8 14. Qe2 Qc7 15. Rab1 Nd8 16. Qe3 Bd7 17. c4 Nc8 18. Qf4 Bc6 19. cxd5 1-0

[Event "CFriend AR-2003-Q-00008 email"]
[Site "Chessfriend.com"]
[Date "2003.12.03"]
[Round "1"]
[White "Gutierrez, Renzo"]
[Black "Schwaiger, Michael"]
[Result "1/2-1/2"]
[WhiteElo "2292"]
[BlackElo "2289"]
[PlyCount "62"]
[EventDate "2003.??.??"]
[EventType "tourn (corr)"]
[EventRounds "12"]
[SourceTitle "Corr 2008"]
[Source "ChessBase"]
[SourceDate "2008.06.24"]
[SourceVersion "1"]
[SourceVersionDate "2008.06.24"]
[SourceQuality "1"]

1. e4 c6 2. d4 d5 3. exd5 cxd5 4. c3 Nc6 5. Nf3 Nf6 6. Bf4 g6 7. Na3 Bg7 8. Bd3 0-0 9. h3 Bf5 10. Bxf5 gxf5 11. g4 Qd7 12. Nc2 Qe6+ 13. Qe2 Qe4 14. Bg5 fxg4 15. hxg4 Nxg4 16. Be3 e5 17. Rh4 exd4 18. Nfxd4 f5 19. 0-0-0 Nxd4 20. Nxd4 Bf6 21. Rh5 Bg7 22. Nc2 f4 23. f3 Qg6 24. fxg4 Rae8 25. Rdxd5 fxe3 26. Nxe3 Qe4 27. Rd7 Qxe3+ 28. Qxe3 Rxe3 29. Rg5 Rf7 30. Rd8+ Rf8 31. Rd7 Rf7 1/2-1/2

[Event "CFriend AR-2003-Q-00008 email"]
[Site "Chessfriend.com"]
[Date "2003.12.03"]
[Round "1"]
[White "Scacco, Mauro"]
[Black "Gutierrez, Renzo"]
[Result "1-0"]
[WhiteElo "2208"]
[BlackElo "2292"]
[PlyCount "103"]
[EventDate "2003.??.??"]
[EventType "tourn (corr)"]
[EventRounds "12"]
[SourceTitle "Corr 2008"]
[Source "ChessBase"]
[SourceDate "2008.06.24"]
[SourceVersion "1"]
[SourceVersionDate "2008.06.24"]
[SourceQuality "1"]

1. e4 c5 2. Nf3 Nc6 3. d4 cxd4 4. Nxd4 Nf6 5. Nc3 e5 6. Ndb5 d6 7. Bg5 a6 8. Bxf6 gxf6 9. Na3 b5 10. Nd5 f5 11. Bd3 Be6 12. 0-0 Bg7 13. Qh5 f4 14. c4 bxc4 15. Bxc4 0-0 16. Rfd1 Nd4 17. Rac1 Rc8 18. Rc3 f3 19. Rxf3 Nxf3+ 20. Qxf3 Kh8 21. Ne3 Rb8 22. Qe2 Bh6 23. b3 Qc7 24. Nf5 Bxf5 25. exf5 Qe7 26. Bd5 Qf6 27. Nc4 Rg8 28. g3 Rbd8 29. Qe4 Rb8 30. h4 Rgd8 31. Na5 Rd7 32. Nc6 Re8 33. b4 Rg8 34. a4 Bf4 35. Kh1 Bh6 36. b5 axb5 37. axb5 Rb7 38. Nxe5 Re7 39. Nxf7+ Rxf7 40. Bxf7 Qxf7 41. Rxd6 Bg7 42. b6 Rb8 43. Re6 Qd7 44. f6 Bf8 45. Kh2 Qb7 46. Rc6 Rd8 47. Qe6 Rd2 48. Qc8 Qf7 49. b7 Rxf2+ 50. Kg1 Rb2 51. b8Q Rxb8 52. Qxb8 1-0

[Event "CFriend AR-2003-Q-00008 email"]
[Site "Chessfriend.com"]
[Date "2003.12.03"]
[Round "1"]
[White "Tushev, Andrey"]
[Black "Gutierrez, Renzo"]
[Result "1/2-1/2"]
[WhiteElo "2186"]
[BlackElo "2292"]
[PlyCount "101"]
[EventDate "2003.??.??"]
[EventType "tourn (corr)"]
[EventRounds "12"]
[SourceTitle "Corr 2008"]
[Source "ChessBase"]
[SourceDate "2008.06.24"]
[SourceVersion "1"]
[SourceVersionDate "2008.06.24"]
[SourceQuality "1"]

1. e4 c5 2. Nc3 Nc6 3. g3 g6 4. Bg2 Bg7 5. d3 d6 6. Be3 Rb8 7. f4 b5 8. Qd2 b4 9. Nd1 Qb6 10. Nh3 f5 11. exf5 Bxf5 12. Ng5 Nf6 13. h3 0-0 14. g4 Bd7 15. 0-0 e6 16. a3 b3 17. c3 Rbe8 18. Kh1 Ne7 19. Bg1 h6 20. Ne4 Nxe4 21. dxe4 Bb5 22. Re1 d5 23. a4 Bc6 24. a5 Qb5 25. Bf1 Qb7 26. Bxc5 dxe4 27. Ne3 Rxf4 28. Qd6 Rf7 29. a6 Qa8 30. Bg2 Nd5 31. Nxd5 Bxd5 32. Qg3 e3 33. Rxe3 Rc8 34. Ba3 Qc6 35. Bxd5 exd5 36. Qg2 Bf8 37. Rf3 Rxf3 38. Qxf3 Bxa3 39. Rxa3 Rf8 40. Qg2 Qc5 41. Qe2 Rf2 42. Qe8+ Kg7 43. Qe5+ Kh7 44. Ra1 Rxb2 45. Rf1 Rf2 46. Rxf2 Qxf2 47. Qc7+ Kg8 48. Qb8+ Kf7 49. Qxb3 Qf3+ 50. Kh2 Kf6 51. Qb8 1/2-1/2

[Event "CFriend AC-2003-Q-00013 email"]
[Site "Chessfriend.com"]
[Date "2003.09.01"]
[Round "?"]
[White "Gutierrez, Renzo"]
[Black "Gmuer, Albi"]
[Result "0-1"]
[WhiteElo "2278"]
[BlackElo "2479"]
[PlyCount "86"]
[EventDate "2003.09.01"]
[EventType "tourn (corr)"]
[EventRounds "10"]
[SourceTitle "Corr 2008"]
[Source "ChessBase"]
[SourceDate "2008.06.24"]
[SourceVersion "1"]
[SourceVersionDate "2008.06.24"]
[SourceQuality "1"]

1. d4 Nf6 2. Nc3 d5 3. e4 dxe4 4. f3 exf3 5. Nxf3 g6 6. Bc4 Bg7 7. 0-0 Bg4 8. h3 Bd7 9. Be3 0-0 10. Qe1 Nc6 11. Qh4 Bf5 12. Bh6 Qd6 13. Rf2 Rad8 14. Rd1 Qb4 15. Bb3 Bxh6 16. Qxh6 Nxd4 17. Nxd4 Rxd4 18. Re1 Ne4 19. Rfe2 Qb6 20. Qe3 c5 21. Nd5 Qd6 22. c3 Rxd5 23. Bxd5 Qxd5 24. g4 e6 25. gxf5 exf5 26. a3 Rd8 27. h4 Qe5 28. h5 c4 29. Rg2 b6 30. Rf1 Rd3 31. Qf4 Qxf4 32. Rxf4 Rd5 33. Re2 Kg7 34. hxg6 fxg6 35. Rfxe4 fxe4 36. Rxe4 Rd1+ 37. Kf2 a5 38. Re7+ Kh6 39. Re4 Rd2+ 40. Kg3 Rxb2 41. a4 Kg5 42. Rxc4 h5 43. Rc6 Kf5 0-1

[Event "CFriend AC-2003-Q-00013 email"]
[Site "Chessfriend.com"]
[Date "2003.09.01"]
[Round "?"]
[White "Gutierrez, Renzo"]
[Black "Hack, Klaus"]
[Result "1-0"]
[WhiteElo "2382"]
[BlackElo "1799"]
[PlyCount "39"]
[EventDate "2003.09.01"]
[EventType "tourn (corr)"]
[EventRounds "10"]
[SourceTitle "Corr 2008"]
[Source "ChessBase"]
[SourceDate "2008.06.24"]
[SourceVersion "1"]
[SourceVersionDate "2008.06.24"]
[SourceQuality "1"]

1. d4 Nf6 2. Nc3 d6 3. e4 Nbd7 4. f4 e5 5. Nf3 c6 6. dxe5 dxe5 7. fxe5 Ng4 8. e6 fxe6 9. Ng5 Nde5 10. Qxd8+ Kxd8 11. h3 Nh6 12. Bf4 Ng6 13. 0-0-0+ Ke8 14. Nb5 cxb5 15. Bxb5+ Ke7 16. Bc7 Kf6 17. h4 Bc5 18. e5+ Ke7 19. Bd6+ Bxd6 20. exd6+ 1-0